[Event "Olomouc Chess Summer 2022 - D"]
[Site "Olomouc (CZE), Hotel Flora"]
[Date "2022.08.17"]
[Round "6"]
[Board "11"]
[White "Zidu, Jan"]
[Black "Jerman, Richard"]
[Result "1/2-1/2"]
[WhiteElo "1815"]
[BlackElo "2038"]
[PlyCount "0"]
[EventDate "2022.08.13"]
[EventRounds "9"]
[EventCountry "CZE"]

1. e4 {[%clk 1:30:57]} e5 {[%clk 1:30:55]} 2. Nc3 {[%clk 1:31:13]} Nf6
{[%clk 1:31:19]} 3. Nf3 {[%clk 1:31:23]} Nc6 {[%clk 1:31:44]} 4. d4
{[%clk 1:31:15]} exd4 {[%clk 1:31:21]} 5. Nxd4 {[%clk 1:31:43]} d6
{[%clk 1:26:44]} 6. Nxc6 {[%clk 1:31:18]} bxc6 {[%clk 1:27:10]} 7. Bc4
{[%clk 1:26:00]} Be7 {[%clk 1:27:13]} 8. O-O {[%clk 1:25:17]} O-O
{[%clk 1:27:36]} 9. Re1 {[%clk 1:24:14]} Bb7 {[%clk 1:22:46]} 10. Bg5
{[%clk 1:20:02]} h6 {[%clk 1:21:13]} 11. Bh4 {[%clk 1:20:00]} Nd7
{[%clk 1:20:59]} 12. Bxe7 {[%clk 1:19:45]} Qxe7 {[%clk 1:21:24]} 13. Bb3
{[%clk 1:17:26]} Nc5 {[%clk 1:18:28]} 14. Bc4 {[%clk 1:08:32]} a5
{[%clk 1:15:13]} 15. Qf3 {[%clk 1:04:59]} Qe5 {[%clk 1:13:52]} 16. Qg3
{[%clk 1:03:49]} Rae8 {[%clk 1:12:35]} 17. Qxe5 {[%clk 1:02:13]} Rxe5
{[%clk 1:12:54]} 18. f3 {[%clk 0:58:37]} Rfe8 {[%clk 1:11:05]} 19. Kf2
{[%clk 0:57:49]} Kf8 {[%clk 1:10:53]} 20. a3 {[%clk 0:55:36]} Ba6
{[%clk 0:58:26]} 21. Bxa6 {[%clk 0:55:47]} Nxa6 {[%clk 0:58:52]} 22. Na4
{[%clk 0:54:26]} Nc5 {[%clk 0:56:48]} 23. Nc3 {[%clk 0:45:56]} Na6
{[%clk 0:56:54]}  1/2-1/2

[Event "Olomouc Chess Summer 2022 - D"]
[Site "Olomouc (CZE), Hotel Flora"]
[Date "2022.08.17"]
[Round "6"]
[Board "12"]
[White "Molnar, Jiri"]
[Black "Heppell, Ian N"]
[Result "1/2-1/2"]
[WhiteElo "1797"]
[BlackElo "2031"]
[PlyCount "0"]
[EventDate "2022.08.13"]
[EventRounds "9"]
[EventCountry "CZE"]

1. e4 {[%clk 1:27:38]} e5 {[%clk 1:30:49]} 2. Nc3 {[%clk 1:27:23]} Nf6
{[%clk 1:31:10]} 3. Bc4 {[%clk 1:26:58]} Nxe4 {[%clk 1:28:44]} 4. Qh5
{[%clk 1:26:17]} Nd6 {[%clk 1:29:01]} 5. Bb3 {[%clk 1:26:13]} Be7
{[%clk 1:27:20]} 6. Nf3 {[%clk 1:26:00]} Nc6 {[%clk 1:23:45]} 7. Nxe5
{[%clk 1:24:15]} g6 {[%clk 1:22:58]} 8. Nxc6 {[%clk 1:21:38]} dxc6
{[%clk 1:22:24]} 9. Qf3 {[%clk 1:17:10]} O-O {[%clk 1:20:12]} 10. O-O
{[%clk 1:17:26]} Nf5 {[%clk 1:15:57]} 11. d3 {[%clk 1:10:36]} Nd4
{[%clk 1:10:30]} 12. Qf4 {[%clk 1:07:28]} Bf5 {[%clk 0:56:34]} 13. Re1
{[%clk 1:05:59]} Re8 {[%clk 0:36:46]} 14. Bd2 {[%clk 0:59:33]} Nxb3
{[%clk 0:29:06]} 15. axb3 {[%clk 0:59:21]} Bd6 {[%clk 0:29:20]} 16. Qh6
{[%clk 0:54:32]} Bf8 {[%clk 0:27:58]} 17. Qf4 {[%clk 0:52:52]} Bd6
{[%clk 0:26:11]} 18. Qh6 {[%clk 0:44:23]} Bf8 {[%clk 0:24:48]} 19. Qg5
{[%clk 0:44:26]} a6 {[%clk 0:24:27]} 20. Rxe8 {[%clk 0:43:27]} Qxe8
{[%clk 0:24:52]} 21. Re1 {[%clk 0:43:43]} Qd7 {[%clk 0:23:58]} 22. h3
{[%clk 0:40:40]} h5 {[%clk 0:20:48]} 23. Ne4 {[%clk 0:36:59]} Bxe4
{[%clk 0:20:06]} 24. Rxe4 {[%clk 0:37:04]} Re8 {[%clk 0:20:19]} 25. Rxe8
{[%clk 0:23:16]} Qxe8 {[%clk 0:20:40]} 26. Bc3 {[%clk 0:22:31]} Bg7
{[%clk 0:19:13]} 27. Kf1 {[%clk 0:19:22]} Bxc3 {[%clk 0:17:14]} 28. bxc3
{[%clk 0:19:25]}  1/2-1/2

[Event "Olomouc Chess Summer 2022 - D"]
[Site "Olomouc (CZE), Hotel Flora"]
[Date "2022.08.17"]
[Round "6"]
[Board "14"]
[White "Navratil, Jiri"]
[Black "Zeman, Ladislav"]
[Result "0-1"]
[WhiteElo "1898"]
[BlackElo "1755"]
[PlyCount "0"]
[EventDate "2022.08.13"]
[EventRounds "9"]
[EventCountry "CZE"]

1. d4 {[%clk 1:30:52]} d5 {[%clk 1:30:51]} 2. Nf3 {[%clk 1:31:15]} Nf6
{[%clk 1:31:14]} 3. Bf4 {[%clk 1:31:35]} e6 {[%clk 1:31:25]} 4. e3
{[%clk 1:31:51]} Bd6 {[%clk 1:31:28]} 5. Bg5 {[%clk 1:32:09]} Nbd7
{[%clk 1:30:09]} 6. c3 {[%clk 1:32:15]} c6 {[%clk 1:30:31]} 7. Nbd2
{[%clk 1:32:35]} h6 {[%clk 1:29:07]} 8. Bh4 {[%clk 1:31:26]} Qc7 {[%clk 1:27:50]}
9. Bd3 {[%clk 1:31:37]} e5 {[%clk 1:21:41]} 10. dxe5 {[%clk 1:30:37]} Nxe5
{[%clk 1:22:02]} 11. Nxe5 {[%clk 1:30:53]} Bxe5 {[%clk 1:22:16]} 12. Bg3
{[%clk 1:30:09]} O-O {[%clk 1:20:29]} 13. Qc2 {[%clk 1:27:57]} Ng4
{[%clk 1:12:59]} 14. Bh7+ {[%clk 1:25:02]} Kh8 {[%clk 1:13:21]} 15. Bf5
{[%clk 1:25:25]} Re8 {[%clk 1:01:58]} 16. O-O {[%clk 1:20:25]} Bxg3
{[%clk 0:59:02]} 17. hxg3 {[%clk 1:20:33]} Re5 {[%clk 0:52:41]} 18. Bxc8
{[%clk 1:15:12]} Rxc8 {[%clk 0:53:05]} 19. Nf3 {[%clk 1:15:30]} Rh5
{[%clk 0:49:45]} 20. Rae1 {[%clk 1:14:26]} Nf6 {[%clk 0:47:17]} 21. Nd2
{[%clk 1:12:56]} Qe5 {[%clk 0:41:22]} 22. e4 {[%clk 1:10:35]} dxe4
{[%clk 0:41:04]} 23. Nxe4 {[%clk 1:10:50]} Rh1+ {[%clk 0:41:21]} 24. Kxh1
{[%clk 1:11:03]} Qh5+ {[%clk 0:41:44]} 25. Kg1 {[%clk 1:08:00]} Ng4
{[%clk 0:42:08]} 26. Nf6 {[%clk 1:08:15]} Qh2# {[%clk 0:42:31]}  0-1

[Event "Olomouc Chess Summer 2022 - D"]
[Site "Olomouc (CZE), Hotel Flora"]
[Date "2022.08.17"]
[Round "6"]
[Board "15"]
[White "Gurtovoi, Borys"]
[Black "Spanton, Tim R"]
[Result "1-0"]
[WhiteElo "1701"]
[BlackElo "1852"]
[PlyCount "0"]
[EventDate "2022.08.13"]
[EventRounds "9"]
[EventCountry "CZE"]

1. e3 {[%clk 1:30:56]} e5 {[%clk 1:30:46]} 2. c4 {[%clk 1:31:18]} Nf6
{[%clk 1:31:11]} 3. Nc3 {[%clk 1:31:42]} Bb4 {[%clk 1:31:36]} 4. Qc2
{[%clk 1:31:53]} O-O {[%clk 1:31:33]} 5. a3 {[%clk 1:32:11]} Bxc3
{[%clk 1:31:21]} 6. Qxc3 {[%clk 1:32:10]} Re8 {[%clk 1:30:39]} 7. g3
{[%clk 1:31:50]} d5 {[%clk 1:30:45]} 8. cxd5 {[%clk 1:32:05]} Qxd5
{[%clk 1:29:34]} 9. f3 {[%clk 1:32:25]} Nc6 {[%clk 1:29:44]} 10. Bc4
{[%clk 1:32:31]} Qd6 {[%clk 1:29:15]} 11. b4 {[%clk 1:32:14]} Nd4
{[%clk 1:27:49]} 12. Kf2 {[%clk 1:31:58]} Nc6 {[%clk 1:27:24]} 13. Ne2
{[%clk 1:32:11]} e4 {[%clk 1:25:00]} 14. f4 {[%clk 1:31:50]} Bh3 {[%clk 1:22:00]}
15. Rd1 {[%clk 1:31:50]} Ng4+ {[%clk 1:20:57]} 16. Kg1 {[%clk 1:32:09]} Qh6
{[%clk 1:20:58]} 17. Bb2 {[%clk 1:32:17]} Re5 {[%clk 1:18:13]} 18. Nd4
{[%clk 1:32:14]} Nxh2 {[%clk 1:17:03]} 19. Nxc6 {[%clk 1:30:00]} Nf3+
{[%clk 1:16:51]} 20. Kf2 {[%clk 1:30:17]} Bf1 {[%clk 1:15:12]} 21. Bxf1
{[%clk 1:30:21]} Rh5 {[%clk 1:14:42]} 22. Bg2 {[%clk 1:29:42]} bxc6
{[%clk 1:14:00]} 23. Rh1 {[%clk 1:29:40]} Rd8 {[%clk 1:14:09]} 24. Rxh5
{[%clk 1:29:47]} Rxd2+ {[%clk 1:14:32]} 25. Qxd2 {[%clk 1:29:58]}  1-0

[Event "Olomouc Chess Summer 2022 - D"]
[Site "Olomouc (CZE), Hotel Flora"]
[Date "2022.08.17"]
[Round "6"]
[Board "16"]
[White "Bartos, Alois"]
[Black "Lexa, Vaclav"]
[Result "1-0"]
[WhiteElo "1843"]
[BlackElo "1741"]
[PlyCount "0"]
[EventDate "2022.08.13"]
[EventRounds "9"]
[EventCountry "CZE"]

1. e4 {[%clk 1:30:59]} c6 {[%clk 1:30:51]} 2. d4 {[%clk 1:28:44]} d5
{[%clk 1:31:15]} 3. exd5 {[%clk 1:29:07]} cxd5 {[%clk 1:31:41]} 4. c4
{[%clk 1:29:24]} Nf6 {[%clk 1:30:04]} 5. Nc3 {[%clk 1:29:43]} e6 {[%clk 1:28:09]}
6. Nf3 {[%clk 1:30:04]} Nc6 {[%clk 1:27:46]} 7. c5 {[%clk 1:29:40]} Be7
{[%clk 1:25:51]} 8. Bb5 {[%clk 1:29:57]} O-O {[%clk 1:23:56]} 9. O-O
{[%clk 1:30:01]} Qc7 {[%clk 1:21:56]} 10. Re1 {[%clk 1:29:53]} b6
{[%clk 1:09:51]} 11. Bxc6 {[%clk 1:29:59]} Qxc6 {[%clk 1:06:19]} 12. b4
{[%clk 1:25:47]} bxc5 {[%clk 1:05:44]} 13. bxc5 {[%clk 1:23:49]} Nd7
{[%clk 1:04:55]} 14. Bf4 {[%clk 1:14:58]} f6 {[%clk 0:56:41]} 15. Rb1
{[%clk 1:08:57]} e5 {[%clk 0:52:53]} 16. dxe5 {[%clk 1:08:50]} Bb7
{[%clk 0:43:56]} 17. Nd4 {[%clk 1:01:14]} Qc8 {[%clk 0:38:41]} 18. Rxb7
{[%clk 0:57:38]} Qxb7 {[%clk 0:36:19]} 19. c6 {[%clk 0:57:58]} Qc8
{[%clk 0:33:32]} 20. Nxd5 {[%clk 0:57:59]} Qd8 {[%clk 0:29:02]} 21. Ne6
{[%clk 0:57:53]}  1-0

[Event "Olomouc Chess Summer 2022 - D"]
[Site "Olomouc (CZE), Hotel Flora"]
[Date "2022.08.18"]
[Round "7"]
[Board "1"]
[White "Sejkora, Vlastimil"]
[Black "Stigar, Petter"]
[Result "1/2-1/2"]
[WhiteElo "2151"]
[BlackElo "2212"]
[PlyCount "0"]
[EventDate "2022.08.13"]
[EventRounds "9"]
[EventCountry "CZE"]

1. c4 {[%clk 1:30:58]} e6 {[%clk 1:30:47]} 2. g3 {[%clk 1:27:31]} d5
{[%clk 1:31:06]} 3. Bg2 {[%clk 1:24:34]} Nf6 {[%clk 1:31:20]} 4. Nf3
{[%clk 1:24:27]} dxc4 {[%clk 1:31:26]} 5. Qa4+ {[%clk 1:24:35]} c6
{[%clk 1:31:23]} 6. Qxc4 {[%clk 1:24:57]} b5 {[%clk 1:31:37]} 7. Qc2
{[%clk 1:24:28]} Bb7 {[%clk 1:31:14]} 8. d4 {[%clk 1:22:13]} Nbd7
{[%clk 1:29:18]} 9. Nc3 {[%clk 1:19:53]} a6 {[%clk 1:24:15]} 10. O-O
{[%clk 1:12:22]} c5 {[%clk 1:21:38]} 11. dxc5 {[%clk 1:10:52]} Bxc5
{[%clk 1:20:57]} 12. Bg5 {[%clk 1:09:52]} Rc8 {[%clk 1:12:38]} 13. Qd3
{[%clk 1:04:33]} O-O {[%clk 1:06:58]} 14. a3 {[%clk 1:00:20]} h6 {[%clk 0:58:40]}
15. Bxf6 {[%clk 0:59:27]} Nxf6 {[%clk 0:58:55]} 16. Qxd8 {[%clk 0:59:39]}  1/2-1/2

[Event "Olomouc Chess Summer 2022 - D"]
[Site "Olomouc (CZE), Hotel Flora"]
[Date "2022.08.18"]
[Round "7"]
[Board "2"]
[White "Vrana, Frantisek"]
[Black "Kubicek, Antonin"]
[Result "1-0"]
[WhiteElo "2214"]
[BlackElo "2084"]
[PlyCount "0"]
[EventDate "2022.08.13"]
[EventRounds "9"]
[EventCountry "CZE"]

1. e4 {[%clk 1:30:53]} g6 {[%clk 1:30:49]} 2. Nf3 {[%clk 1:30:57]} Bg7
{[%clk 1:31:10]} 3. g3 {[%clk 1:31:08]} d6 {[%clk 1:30:49]} 4. Bg2
{[%clk 1:31:29]} Nf6 {[%clk 1:30:46]} 5. Nc3 {[%clk 1:31:51]} O-O
{[%clk 1:30:52]} 6. O-O {[%clk 1:32:16]} e5 {[%clk 1:29:21]} 7. d4
{[%clk 1:32:07]} Nbd7 {[%clk 1:28:57]} 8. h3 {[%clk 1:28:34]} c6 {[%clk 1:27:05]}
9. a4 {[%clk 1:28:54]} Qc7 {[%clk 1:25:42]} 10. b3 {[%clk 1:24:22]} Re8
{[%clk 1:25:15]} 11. Re1 {[%clk 1:21:20]} b6 {[%clk 1:14:47]} 12. Ba3
{[%clk 1:18:47]} Bb7 {[%clk 1:11:22]} 13. dxe5 {[%clk 1:15:05]} dxe5
{[%clk 1:11:49]} 14. Bd6 {[%clk 1:13:48]} Qc8 {[%clk 1:03:58]} 15. Ba3
{[%clk 1:03:28]} Nf8 {[%clk 1:01:40]} 16. Qc1 {[%clk 0:59:12]} N6d7
{[%clk 0:57:24]} 17. Nd1 {[%clk 0:53:10]} Ne6 {[%clk 0:57:23]} 18. Ne3
{[%clk 0:53:11]} Nd4 {[%clk 0:56:08]} 19. Nc4 {[%clk 0:52:29]} Re6
{[%clk 0:52:26]} 20. Nd6 {[%clk 0:48:30]} Qc7 {[%clk 0:52:21]} 21. Nxd4
{[%clk 0:48:17]} exd4 {[%clk 0:52:34]} 22. Nxb7 {[%clk 0:48:23]} Qxb7
{[%clk 0:52:59]} 23. f4 {[%clk 0:48:33]} Rae8 {[%clk 0:47:30]} 24. Qd2
{[%clk 0:48:27]} c5 {[%clk 0:45:51]} 25. Qd3 {[%clk 0:47:28]} Nf6
{[%clk 0:38:51]} 26. e5 {[%clk 0:44:55]} Qc7 {[%clk 0:31:41]} 27. Rad1
{[%clk 0:42:03]} R6e7 {[%clk 0:29:40]} 28. Qc4 {[%clk 0:41:20]} Nh5
{[%clk 0:28:49]} 29. Rd3 {[%clk 0:39:18]} Kh8 {[%clk 0:26:52]} 30. c3
{[%clk 0:37:41]} dxc3 {[%clk 0:26:46]} 31. g4 {[%clk 0:37:40]} Nxf4
{[%clk 0:26:51]} 32. Qxf4 {[%clk 0:37:39]} Bxe5 {[%clk 0:26:57]} 33. Rxe5
{[%clk 0:37:48]} Rxe5 {[%clk 0:23:47]} 34. Kh2 {[%clk 0:35:55]} Qe7
{[%clk 0:20:14]} 35. Rxc3 {[%clk 0:34:43]} Re2 {[%clk 0:20:40]} 36. Bc1
{[%clk 0:29:44]} Qe5 {[%clk 0:09:26]} 37. Qxe5+ {[%clk 0:29:22]} R8xe5
{[%clk 0:09:54]} 38. Bf4 {[%clk 0:28:53]} Re7 {[%clk 0:07:30]} 39. Kg3
{[%clk 0:27:01]} f6 {[%clk 0:07:14]} 40. h4 {[%clk 0:26:40]} h5 {[%clk 0:04:30]}
41. Bf3 {[%clk 0:26:08]} Rb2 {[%clk 0:23:53]} 42. gxh5 {[%clk 0:54:25]} gxh5
{[%clk 0:24:20]} 43. Bxh5 {[%clk 0:54:28]} Rg7+ {[%clk 0:24:20]} 44. Kh3
{[%clk 0:54:45]} Rg1 {[%clk 0:21:32]} 45. Rd3 {[%clk 0:48:32]} Kg7
{[%clk 0:17:40]} 46. Rd7+ {[%clk 0:46:10]} Kh8 {[%clk 0:17:56]} 47. Rd3
{[%clk 0:43:42]} Kg7 {[%clk 0:18:06]} 48. Bf3 {[%clk 0:43:56]} Kg6
{[%clk 0:16:20]} 49. Be4+ {[%clk 0:43:43]} Kg7 {[%clk 0:15:28]} 50. h5
{[%clk 0:43:23]} Kh8 {[%clk 0:10:14]} 51. h6 {[%clk 0:43:20]} Rg8
{[%clk 0:10:05]} 52. Bd2 {[%clk 0:41:59]} Rf8 {[%clk 0:09:53]} 53. Bc3
{[%clk 0:41:41]} Rxb3 {[%clk 0:09:15]} 54. Bxf6+ {[%clk 0:41:48]} Rxf6
{[%clk 0:09:41]} 55. Rxb3 {[%clk 0:42:04]} Rxh6+ {[%clk 0:10:02]} 56. Kg4
{[%clk 0:42:21]} Kg7 {[%clk 0:09:29]} 57. Kf5 {[%clk 0:41:10]} Kf7
{[%clk 0:08:17]} 58. Ke5 {[%clk 0:41:22]} Ke7 {[%clk 0:08:36]} 59. Rg3
{[%clk 0:41:25]} Rh5+ {[%clk 0:06:42]} 60. Bf5 {[%clk 0:41:40]} a6
{[%clk 0:06:21]} 61. Rg7+ {[%clk 0:41:43]} Kd8 {[%clk 0:06:33]} 62. Kd6
{[%clk 0:41:56]} Rh8 {[%clk 0:05:53]} 63. Ra7  1-0

[Event "Olomouc Chess Summer 2022 - D"]
[Site "Olomouc (CZE), Hotel Flora"]
[Date "2022.08.18"]
[Round "7"]
[Board "3"]
[White "Nemec, Pavel"]
[Black "Mlynek, Petr"]
[Result "1-0"]
[WhiteElo "2159"]
[BlackElo "2047"]
[PlyCount "0"]
[EventDate "2022.08.13"]
[EventRounds "9"]
[EventCountry "CZE"]

1. e4 {[%clk 1:30:55]} c6 {[%clk 1:30:52]} 2. d4 {[%clk 1:31:18]} d5
{[%clk 1:31:15]} 3. Nc3 {[%clk 1:31:41]} dxe4 {[%clk 1:31:35]} 4. Nxe4
{[%clk 1:32:00]} Nf6 {[%clk 1:31:55]} 5. Nxf6+ {[%clk 1:30:04]} exf6
{[%clk 1:32:17]} 6. Bc4 {[%clk 1:30:26]} Bd6 {[%clk 1:31:41]} 7. Qe2+
{[%clk 1:30:49]} Be7 {[%clk 1:31:17]} 8. Nf3 {[%clk 1:30:30]} O-O
{[%clk 1:30:43]} 9. Be3 {[%clk 1:30:26]} Qa5+ {[%clk 1:28:40]} 10. c3
{[%clk 1:30:18]} Bf5 {[%clk 1:27:10]} 11. Nh4 {[%clk 1:29:14]} Be4
{[%clk 1:18:42]} 12. f3 {[%clk 1:24:47]} Bd5 {[%clk 1:13:43]} 13. Nf5
{[%clk 1:24:50]} Bxc4 {[%clk 1:05:49]} 14. Nxe7+ {[%clk 1:24:55]} Kh8
{[%clk 1:06:12]} 15. Qxc4 {[%clk 1:25:12]} Re8 {[%clk 1:03:10]} 16. Qxf7
{[%clk 1:25:28]} Na6 {[%clk 1:03:13]} 17. Bh6 {[%clk 1:23:55]} Rxe7+
{[%clk 1:02:17]} 18. Qxe7 {[%clk 1:24:22]} gxh6 {[%clk 1:02:14]} 19. Qxf6+
{[%clk 1:24:27]} Kg8 {[%clk 1:02:37]} 20. Qe6+ {[%clk 1:24:06]}  1-0

[Event "Olomouc Chess Summer 2022 - D"]
[Site "Olomouc (CZE), Hotel Flora"]
[Date "2022.08.18"]
[Round "7"]
[Board "4"]
[White "Bartos, Jan"]
[Black "Vales, Vaclav"]
[Result "1/2-1/2"]
[WhiteElo "2137"]
[BlackElo "2036"]
[PlyCount "0"]
[EventDate "2022.08.13"]
[EventRounds "9"]
[EventCountry "CZE"]

1. d4 {[%clk 1:30:55]} d5 {[%clk 1:30:53]} 2. Nf3 {[%clk 1:31:20]} Nf6
{[%clk 1:31:19]} 3. c4 {[%clk 1:31:47]} c6 {[%clk 1:31:45]} 4. Nc3
{[%clk 1:32:12]} e6 {[%clk 1:32:10]} 5. e3 {[%clk 1:32:35]} Nbd7 {[%clk 1:32:36]}
6. Bd3 {[%clk 1:32:59]} Bb4 {[%clk 1:32:55]} 7. Bd2 {[%clk 1:33:10]} O-O
{[%clk 1:32:54]} 8. O-O {[%clk 1:33:32]} Bd6 {[%clk 1:32:57]} 9. Qc2
{[%clk 1:32:49]} h6 {[%clk 1:25:51]} 10. Rad1 {[%clk 1:29:23]} dxc4
{[%clk 1:16:23]} 11. Bxc4 {[%clk 1:29:24]} e5 {[%clk 1:16:50]} 12. h3
{[%clk 1:28:10]} Qe7 {[%clk 1:15:23]} 13. Nh4 {[%clk 1:24:13]} Re8
{[%clk 1:07:57]} 14. Nf5 {[%clk 1:13:14]} Qf8 {[%clk 1:07:38]} 15. Nxd6
{[%clk 1:07:15]} Qxd6 {[%clk 1:08:03]} 16. dxe5 {[%clk 0:59:16]} Qxe5
{[%clk 1:03:35]} 17. Ne2 {[%clk 0:47:59]} Ne4 {[%clk 0:57:48]} 18. Qb3
{[%clk 0:39:44]} Qf6 {[%clk 0:50:10]} 19. Ng3 {[%clk 0:34:54]} Nxd2
{[%clk 0:32:04]} 20. Rxd2 {[%clk 0:35:19]} Nb6 {[%clk 0:32:10]} 21. Bd3
{[%clk 0:33:18]} Be6 {[%clk 0:30:41]} 22. Qc2 {[%clk 0:33:22]} Rad8
{[%clk 0:26:34]} 23. Rfd1 {[%clk 0:32:48]} Kf8 {[%clk 0:20:10]} 24. Ne4
{[%clk 0:29:47]} Qe7 {[%clk 0:20:16]} 25. Nc5 {[%clk 0:28:31]} Rd5
{[%clk 0:18:34]} 26. Nxe6+ {[%clk 0:28:00]} Qxe6 {[%clk 0:18:29]} 27. Be2
{[%clk 0:27:32]} Red8 {[%clk 0:15:32]} 28. Bg4 {[%clk 0:20:56]} Rxd2
{[%clk 0:14:01]} 29. Rxd2 {[%clk 0:21:21]} Rxd2 {[%clk 0:14:17]} 30. Qxd2
{[%clk 0:21:46]} Qd5 {[%clk 0:14:34]} 31. Qxd5 {[%clk 0:21:27]} Nxd5
{[%clk 0:14:55]} 32. Be2 {[%clk 0:21:21]} Ke7 {[%clk 0:14:38]} 33. Kf1
{[%clk 0:21:44]} Nc7 {[%clk 0:12:13]} 34. Ke1 {[%clk 0:21:57]} Kd6
{[%clk 0:12:31]} 35. Kd2 {[%clk 0:21:59]} Kc5 {[%clk 0:12:52]} 36. a3
{[%clk 0:21:48]} a5 {[%clk 0:13:18]} 37. Kd3 {[%clk 0:20:29]} Kd5
{[%clk 0:10:09]} 38. g3 {[%clk 0:16:42]} g5 {[%clk 0:09:26]} 39. f4
{[%clk 0:15:42]} f6 {[%clk 0:09:50]} 40. Bh5 {[%clk 0:13:04]} Ke6
{[%clk 0:09:05]} 41. e4 {[%clk 0:10:21]} b6 {[%clk 0:08:24]} 42. Bd1
{[%clk 0:03:23]} Kd6 {[%clk 0:04:35]} 43. Bb3 {[%clk 0:02:04]} gxf4
{[%clk 0:30:15]} 44. gxf4 {[%clk 0:32:29]} Ne6 {[%clk 0:30:16]} 45. Bxe6
{[%clk 0:27:10]} Kxe6 {[%clk 0:30:43]} 46. Kc4 {[%clk 0:27:32]} Kd6
{[%clk 0:30:54]} 47. a4 {[%clk 0:27:52]} Ke6 {[%clk 0:27:48]}  1/2-1/2

[Event "Olomouc Chess Summer 2022 - D"]
[Site "Olomouc (CZE), Hotel Flora"]
[Date "2022.08.18"]
[Round "7"]
[Board "5"]
[White "Lorenc, Oldrich"]
[Black "Johnsen, Gunnar"]
[Result "1/2-1/2"]
[WhiteElo "2111"]
[BlackElo "2137"]
[PlyCount "0"]
[EventDate "2022.08.13"]
[EventRounds "9"]
[EventCountry "CZE"]

1. e4 {[%clk 1:30:57]} e6 {[%clk 1:30:36]} 2. d4 {[%clk 1:31:20]} d5
{[%clk 1:31:01]} 3. exd5 {[%clk 1:31:28]} exd5 {[%clk 1:31:25]} 4. Nc3
{[%clk 1:31:47]} Bb4 {[%clk 1:29:09]} 5. Nf3 {[%clk 1:28:25]} Ne7
{[%clk 1:27:45]} 6. Bd3 {[%clk 1:27:57]} O-O {[%clk 1:24:08]} 7. O-O
{[%clk 1:26:57]} Nbc6 {[%clk 1:19:15]} 8. h3 {[%clk 1:25:04]} Bf5
{[%clk 1:18:47]} 9. Bg5 {[%clk 1:22:14]} f6 {[%clk 1:13:27]} 10. Bf4
{[%clk 1:10:41]} a6 {[%clk 1:09:58]} 11. Ne2 {[%clk 0:59:12]} Qd7
{[%clk 1:05:51]} 12. c3 {[%clk 0:58:19]} Bxd3 {[%clk 1:03:57]} 13. Qxd3
{[%clk 0:58:36]} Bd6 {[%clk 1:04:19]} 14. Rfe1 {[%clk 0:51:32]} Rae8
{[%clk 1:02:37]} 15. Bxd6 {[%clk 0:49:31]} Qxd6 {[%clk 1:02:50]} 16. Ng3
{[%clk 0:48:48]} Qd7 {[%clk 0:57:59]} 17. Nh4 {[%clk 0:38:56]}  1/2-1/2

[Event "Olomouc Chess Summer 2022 - D"]
[Site "Olomouc (CZE), Hotel Flora"]
[Date "2022.08.18"]
[Round "7"]
[Board "6"]
[White "Cap, Piotr"]
[Black "Mikulas, Dusan"]
[Result "1/2-1/2"]
[WhiteElo "2025"]
[BlackElo "2045"]
[PlyCount "0"]
[EventDate "2022.08.13"]
[EventRounds "9"]
[EventCountry "CZE"]

1. d4 {[%clk 1:30:56]} g6 {[%clk 1:30:54]} 2. e4 {[%clk 1:30:38]} Bg7
{[%clk 1:31:19]} 3. Nc3 {[%clk 1:30:33]} d6 {[%clk 1:31:23]} 4. Be3
{[%clk 1:30:28]} Nf6 {[%clk 1:31:20]} 5. f3 {[%clk 1:30:05]} O-O {[%clk 1:30:47]}
6. Nge2 {[%clk 1:28:22]} e5 {[%clk 1:28:33]} 7. Qd2 {[%clk 1:27:04]} c6
{[%clk 1:22:02]} 8. O-O-O {[%clk 1:21:04]} Qa5 {[%clk 1:20:00]} 9. Kb1
{[%clk 1:21:11]} b5 {[%clk 1:15:35]} 10. dxe5 {[%clk 1:18:17]} dxe5
{[%clk 1:13:47]} 11. Nd5 {[%clk 1:13:33]} Qxd2 {[%clk 1:10:43]} 12. Nxf6+
{[%clk 1:13:49]} Bxf6 {[%clk 1:11:06]} 13. Rxd2 {[%clk 1:14:06]} Rd8
{[%clk 1:11:12]} 14. Rxd8+ {[%clk 1:12:19]} Bxd8 {[%clk 1:11:38]} 15. Nc1
{[%clk 1:12:34]} Bb6 {[%clk 1:02:31]} 16. Bh6 {[%clk 1:02:23]}  1/2-1/2

[Event "Olomouc Chess Summer 2022 - D"]
[Site "Olomouc (CZE), Hotel Flora"]
[Date "2022.08.18"]
[Round "7"]
[Board "7"]
[White "Krejci, Jan"]
[Black "Bartos, Alois"]
[Result "0-1"]
[WhiteElo "2055"]
[BlackElo "1843"]
[PlyCount "0"]
[EventDate "2022.08.13"]
[EventRounds "9"]
[EventCountry "CZE"]

1. Nf3 {[%clk 1:30:56]} c5 {[%clk 1:30:57]} 2. c4 {[%clk 1:31:17]} Nc6
{[%clk 1:26:18]} 3. Nc3 {[%clk 1:31:15]} Nf6 {[%clk 1:26:33]} 4. d4
{[%clk 1:31:36]} cxd4 {[%clk 1:25:59]} 5. Nxd4 {[%clk 1:31:59]} g6
{[%clk 1:25:16]} 6. g3 {[%clk 1:32:02]} Bg7 {[%clk 1:25:41]} 7. Bg2
{[%clk 1:32:28]} O-O {[%clk 1:25:53]} 8. O-O {[%clk 1:32:53]} Nxd4
{[%clk 1:20:54]} 9. Qxd4 {[%clk 1:33:16]} d6 {[%clk 1:20:42]} 10. Qd3
{[%clk 1:32:54]} Rb8 {[%clk 1:18:43]} 11. e4 {[%clk 1:28:58]} Be6
{[%clk 1:12:37]} 12. Be3 {[%clk 1:26:07]} b6 {[%clk 1:07:39]} 13. Rac1
{[%clk 1:22:51]} Ng4 {[%clk 1:06:40]} 14. Bd4 {[%clk 1:19:17]} Ne5
{[%clk 1:06:26]} 15. Bxe5 {[%clk 1:19:40]} Bxe5 {[%clk 1:06:28]} 16. f4
{[%clk 1:19:14]} Bg7 {[%clk 1:06:51]} 17. f5 {[%clk 1:18:39]} Bd7
{[%clk 1:05:02]} 18. b3 {[%clk 1:18:18]} a6 {[%clk 1:00:53]} 19. g4
{[%clk 1:05:53]} b5 {[%clk 1:00:58]} 20. Nd5 {[%clk 1:00:11]} bxc4
{[%clk 0:55:43]} 21. bxc4 {[%clk 1:00:16]} Be5 {[%clk 0:55:44]} 22. Rb1
{[%clk 0:54:37]} Rxb1 {[%clk 0:54:50]} 23. Rxb1 {[%clk 0:53:58]} e6
{[%clk 0:53:10]} 24. Nb6 {[%clk 0:49:23]} Bc6 {[%clk 0:52:42]} 25. h3
{[%clk 0:42:36]} h5 {[%clk 0:52:05]} 26. gxh5 {[%clk 0:39:35]} gxh5
{[%clk 0:52:18]} 27. Kf1 {[%clk 0:36:28]} Kh8 {[%clk 0:44:14]} 28. Qe3
{[%clk 0:36:13]} Qf6 {[%clk 0:44:18]} 29. Qf3 {[%clk 0:34:29]} Qh6
{[%clk 0:41:08]} 30. Ke2 {[%clk 0:33:21]} Rg8 {[%clk 0:41:12]} 31. fxe6
{[%clk 0:31:40]} fxe6 {[%clk 0:41:03]} 32. Rb3 {[%clk 0:28:04]} h4
{[%clk 0:38:05]} 33. Qf2 {[%clk 0:27:02]} Bg3 {[%clk 0:35:09]} 34. Qd4+
{[%clk 0:25:29]} Kh7 {[%clk 0:34:02]} 35. Bf3 {[%clk 0:25:14]} Be8
{[%clk 0:31:32]} 36. Nc8 {[%clk 0:24:24]} Be5 {[%clk 0:25:52]} 37. Qd1
{[%clk 0:17:09]} Qf4 {[%clk 0:22:20]} 38. Qe1 {[%clk 0:09:27]} Bd4
{[%clk 0:18:15]} 39. Bg4 {[%clk 0:08:21]} Qh2+ {[%clk 0:14:04]} 40. Kd3
{[%clk 0:03:01]} Bf6 {[%clk 0:13:57]} 41. Qe2 {[%clk 0:17:32]} Qe5
{[%clk 0:43:22]} 42. Qe3 {[%clk 0:17:49]} Rg7 {[%clk 0:38:17]} 43. Qf2
{[%clk 0:14:21]} Bg6 {[%clk 0:37:33]} 44. Qe3 {[%clk 0:13:23]} d5
{[%clk 0:36:03]} 45. cxd5 {[%clk 0:13:23]} Qxd5+ {[%clk 0:35:48]} 46. Ke2
{[%clk 0:12:58]} Qc4+ {[%clk 0:35:19]} 47. Rd3 {[%clk 0:12:35]} Qxc8
{[%clk 0:34:00]}  0-1